| 000 | 01489cad a22002055a 4500 | ||
|---|---|---|---|
| 001 | L148866 | ||
| 008 | 091118e20090612xxk f v 000 0 eng d | ||
| 035 | _a(Sirsi) u148866 | ||
| 041 | 0 | _aeng | |
| 245 | 0 | 0 |
_aSomerfield Stores Ltd v Spring (Sutton Coldfield) Ltd _h[electronic resource] |
| 260 | _c2009 | ||
| 520 | _a[2009] EWHC 2384 (Ch), 12 June 2009. The case relates to a delay in renewal of a commercial lease from a landlord in administration. Somerfield (S) was tenant of a shop. At the end of the lease, S started proceedings for its renewal. The Landlord (P), entered into administration, denied the renewal of the lease to increase the value of the property as it intended to redevelop it. S tried in court to have its renewal rights respected under the Landlord and Tenant Act 1954. P justified his refusal by wanting to delay the renewal proceedings to increase the value of the sale. "Held:" The fact that P entered into administration should not prevent S having its lease renewed. S is allowed to continue its proceedings for a new tenancy. | ||
| 590 | _aKA | ||
| 650 | 2 | 4 | _aSOMERFIELD STORES LTD V SPRING (SUTTON COLDFIELD) LTD |
| 650 | 2 | 4 | _aATLANTIC COMPUTER SYSTEMS PLC, RE |
| 651 | 4 |
_aEngland and Wales _y1543- |
|
| 690 | _aPROPERTY-COMMERCIAL PROPERTY-COMMERCIAL LANDLORD AND TENANT-COMMERCIAL LEASES-COMMERCIAL LEASE RENEWAL | ||
| 856 | 4 | 0 |
_uhttps://www.bailii.org/ew/cases/EWHC/Ch/2009/2384.html _zView the case free of charge at www.bailli.org... |
| 942 | _n0 | ||
| 999 |
_c81980 _d81980 |
||